Plato's The Republic (Record no. 62736)
[ view plain ]
| 000 -LEADER | |
|---|---|
| fixed length control field | 00513nam a2200229Ia 4500 |
| 003 - CONTROL NUMBER IDENTIFIER | |
| control field | 0100 |
| 008 - FIXED-LENGTH DATA ELEMENTS--GENERAL INFORMATION | |
| fixed length control field | 130303s9999 xx 000 0 und d |
| 040 ## - CATALOGING SOURCE | |
| Transcribing agency | ARRUPELIB |
| 050 ## - LIBRARY OF CONGRESS CALL NUMBER | |
| Classification number | JC71.P6P317 |
| 300 ## - PHYSICAL DESCRIPTION | |
| Other physical details | 23 cm |
| 100 ## - MAIN ENTRY--PERSONAL NAME | |
| Personal name | Plato |
| 245 ## - TITLE STATEMENT | |
| Title | Plato's The Republic |
| 245 ## - TITLE STATEMENT | |
| Remainder of title | notes |
| 260 ## - PUBLICATION, DISTRIBUTION, ETC. (IMPRINT) | |
| Place of publication, distribution, etc | Lincoln |
| 260 ## - PUBLICATION, DISTRIBUTION, ETC. (IMPRINT) | |
| Name of publisher, distributor, etc | C.K. Hilegass |
| 260 ## - PUBLICATION, DISTRIBUTION, ETC. (IMPRINT) | |
| -- | 1963 |
| 300 ## - PHYSICAL DESCRIPTION | |
| Extent | 77p. |
| 440 ## - SERIES STATEMENT/ADDED ENTRY--TITLE | |
| Title | Cliffs notes |
| 650 ## - SUBJECT ADDED ENTRY--TOPICAL TERM | |
| Topical term following geographic name as entry element | Flaubert, Gustave |
| 700 ## - ADDED ENTRY--PERSONAL NAME | |
| Personal name | Patterson, Charles H. (ed.) |
| 942 ## - ADDED ENTRY ELEMENTS (KOHA) | |
| Source of classification or shelving scheme | Library of Congress Classification |
| Koha issues (borrowed), all copies | 14 |
| Withdrawn status | Lost status | Source of classification or shelving scheme | Damaged status | Not for loan | Collection code | Home library | Current library | Shelving location | Date acquired | Total Checkouts | Full call number | Barcode | Date last seen | Date checked out | Copy number | Price effective from | Koha item type |
|---|---|---|---|---|---|---|---|---|---|---|---|---|---|---|---|---|---|
| Library of Congress Classification | Main Collection | ARRUPE LIBRARY | ARRUPE LIBRARY | 05/03/2013 | 9 | JC71.P6P317 | 46003095623 | 17/10/2018 | 03/10/2018 | 1 | 05/03/2013 | Monograph ( Printed materials) | |||||
| Library of Congress Classification | Main Collection | ARRUPE LIBRARY | ARRUPE LIBRARY | 05/03/2013 | 21 | JC71.P6R3 | 46003095627 | 11/12/2023 | 24/11/2023 | 2 | 05/03/2013 | Monograph ( Printed materials) | |||||
| Library of Congress Classification | Main Collection | ARRUPE LIBRARY | ARRUPE LIBRARY | 07/03/2013 | 5 | JC71.P351974 | 46003087232 | 11/03/2019 | 07/02/2019 | 3 | 07/03/2013 | Monograph ( Printed materials) |